000
00333nam a2200157Ia 4500
100
_a
Arehart/ Charles
650
_a
Automobiles
942
_c
BK
654
_a
Professional wap
245
_a
Professional WAP
260
_b
Wrox Press Ltd
_c
2000
082
_a
4.65
_b
ARE/CHA
300
_a
812
546
_a
ENGLISH
999
_c
32858
_d
32858